| 000 | 00619nam a2200217Ia 4500 | ||
|---|---|---|---|
| 003 | OSt | ||
| 005 | 20220925232123.0 | ||
| 006 | a|||||r|||| 00| 0 | ||
| 007 | ta | ||
| 008 | 220923b |||||||| |||| 00| 0 eng d | ||
| 037 | _cGeneral Book | ||
| 040 |
_aRTL _cRTL _beng |
||
| 041 |
_2eng _aeng |
||
| 082 | _aR39(S)0aY, L8/TD | ||
| 100 |
_aLuckmann Thomas _9272804 |
||
| 245 | 0 |
_aPhenomenology and sociology _b Selected readings |
|
| 260 |
_aMiddlesex _bPenguin Books _c1978 |
||
| 300 |
_a390p _ccm. |
||
| 942 |
_hR39(S)0aY, L8/TD _cGB _2CC |
||
| 999 |
_c590379 _d590379 |
||